000 00922nas a2200313 4500
001 BR0400645
003 BR-BrBNA
005 20231205104321.0
007 ta
008 230509b bl.|||p| |||| 00| 00por d
040 _aBR-BrBNA
_bpor
_cBiblioteca Nacional de Agricultura
041 _a(En)
072 _aP33
100 1 _aPedrotti, A.
100 1 _aPauletto, E.A.
100 1 _aCrestana, S.
100 1 _aCruvinel, P.E.
100 1 _aVaz, C.M.P.
100 1 _aNaime, J. de M.
100 1 _aSilva, A.M. da
245 1 _aPlanosol soil sample size for computerized tomography measurement of physical parameters
650 _aPLANOSSOLO
650 _aVÁRZEA
650 _aCOMPACTAÇÃO DO SOLO
650 _aUMIDADE DO SOLO
773 0 _tScientia Agrícola (Brazil)
_xISSN 0103-9016
_g(Oct-Dec 2003), v. 60(4) p. 735-740
_wBR0400645
909 _a202311
_bLúcia
_c55
_dLúcia Elande
942 _2AGRIS
_n0
_cANA
999 _c177525
_d177525